000 00668nam a22002177a 4500
003 UA-OsUOA
001 81638
007 ta
008 20120203b un ||||| |||| 00| 0 ukr d
100 _aЛопушняк Г.
090 _a330(477)
_bЛ77
942 _cSA
040 _aUA-OsUOA
_bukr
_cUA-OsUOA
_dUA-OsUOA
245 _aЖитлова політика як складова державної соціальної політики України: практика і проблеми реалізації
300 _aС.79-91
955 _a0
041 _aukr
080 _a330(477)
773 0 _w81634
650 7 _a330 Економіка взагалі
_2UDC
999 _c367963
_d367963